BIBLIOTECA

SENCICO

Diseño industrial 1 : (Registro nro. 251)

Detalles MARC
000 -LEADER
fixed length control field 01329nam a2200289Ia 4500
003 - CONTROL NUMBER IDENTIFIER
control field PE SENCICO BE
005 - DATE AND TIME OF LATEST TRANSACTION
control field 20251020182431.0
008 - FIXED-LENGTH DATA ELEMENTS--GENERAL INFORMATION
fixed length control field 200515s9999 xx 000 0 und d
020 ## - INTERNATIONAL STANDARD BOOK NUMBER
International Standard Book Number 84-329-5617-1
040 ## - CATALOGING SOURCE
Original cataloging agency PE SENCICO BE
Transcribing agency PE SENCICO BE
041 ## - LANGUAGE CODE
Language code of text/sound track or separate title spa
082 ## - DEWEY DECIMAL CLASSIFICATION NUMBER
Classification number 745.2
Item number Q1
100 1# - MAIN ENTRY--PERSONAL NAME
Personal name Quarante, Danielle
9 (RLIN) 2582
Relator term autor
245 10 - TITLE STATEMENT
Title Diseño industrial 1 :
Remainder of title elementos introductorios /
Statement of responsibility, etc. Danielle Quarante
250 ## - EDITION STATEMENT
Edition statement 1a ed.
260 ## - PUBLICATION, DISTRIBUTION, ETC.
Place of publication, distribution, etc. Barcelona :
Name of publisher, distributor, etc. CEAC ;
Date of publication, distribution, etc. 1992
300 ## - PHYSICAL DESCRIPTION
Extent 280 p. :
Other physical details il., tbl., graf. ;
Dimensions 26 cm.
490 ## - SERIES STATEMENT
Series statement Enciclopedia del diseño
505 0# - FORMATTED CONTENTS NOTE
Formatted contents note Un tratado de diseño industrial -- Situación del diseño industrial. Definiciones -- Etimología -- Las fuentes del diseño industrial -- Componentes estéticos y funcionales del producto industrial -- Introducción a la teoría de la forma -- Diseño fundamental -- Diseño y semiología
520 3# - SUMMARY, ETC.
Summary, etc. Los documentos que se recopilan, constituyen una auténtica iconoteca del diseño industrial, desde sus inicios, sus tendencias, sus evoluciones y su historia hasta las técnicas del proceso global de concepción-proyección-producción.
650 10 - SUBJECT ADDED ENTRY--TOPICAL TERM
Topical term or geographic name entry element Diseño industrial
9 (RLIN) 2580
650 20 - SUBJECT ADDED ENTRY--TOPICAL TERM
Topical term or geographic name entry element Artes gráficas
9 (RLIN) 195
650 20 - SUBJECT ADDED ENTRY--TOPICAL TERM
Topical term or geographic name entry element Artes visuales
9 (RLIN) 17
650 20 - SUBJECT ADDED ENTRY--TOPICAL TERM
Topical term or geographic name entry element Historia
9 (RLIN) 707
942 ## - ADDED ENTRY ELEMENTS (KOHA)
Koha item type Libros
Source of classification or shelving scheme Dewey Decimal Classification
Existencias
Fecha de la última vez que lo usaron Número de ingreso o de inventario Pago total Signatura topográfica completa Código de barras Precio efectivo desde Tipo de documento Estado perdido Sistema de clasificación Estado dañado No es para préstamo Retirado Ubicación permanente Ubicación actual Fecha de adquisición
15/05/2020 4857   745.2/Q1 BibLima24100002 15/05/2020 Libros   Dewey Decimal Classification       Biblioteca Central Lima Biblioteca Central Lima 15/05/2020